000 00679nam a2200193Ia 4500
003 GCL
008 140319s9999 xx 000 0 ara d
040 _aGCL /
_cGCL
082 0 4 _a346.02
_bم ع
100 1 _aمحمد المنجى
245 1 0 _aعقد البيع الابتدائى: الاثار القانونية والعملية لعقد البيع الغير مسجل /
_cمحمد المنجى
260 _a[S.N] :
_bمنشاة المعارف الاسلامية ،
_c1987
300 _a558 ص
490 _aسلسلة الكتب القانونية
_v0
650 0 4 _aالقانون
650 0 4 _aالعقود
650 0 4 _aالقانون الخاص
942 _2ddc
_cBK
999 _c55276
_d55276